000 00598nam a2200169 4500
001 122860
003 ES-MaACL
005 20230906192044.0
007 t|
008 070214s1968 sp r ||||0| spa d
245 0 3 _aLa programación y el control de los aprovisionamientos /
_cpreparado por el Instituto per gli Studi Economici ed Organizzaviti ; traducida por M. Orduña.
260 _aMadrid :
_bIEE,
_c1968.
300 _a249 p :
_bil ;
_c21 cm.
700 1 _aOrduña, M.
_987210
710 2 _aInstituto per gli Studi Economici ed Organizzaviti.
_95206
852 _aES-MaACL
_jF-6253
_bR.66358
999 _c122860
_d122860